00698nam a2200181 a 4500008004100000020001500041050001400056100002000070245003300090246007500123260003500198300001400233350000900247700002200256995009100278999001700369952013000386120416s1961 ||||||||||||||||| || u a0127257020 aQC 39 Int aVon Koch, Helge10aInstruments and measurements achemical analysis, electric quantities, nucleonics and process control aNew YorkbAcademic Pressc1961 a2v. : ill a0.00 aLjunberg, Gregory D0.00FCBU-MAIN LIBRARY (Kitwe)H1I17.75UDAMAGEDZMain Library Open Access Collection c47113d47113 00102lcc4070a001b001cMain Library Open Access Collectiond2022-11-30l0oQC 39 Intp012144r2022-11-30w2022-11-30y002